000 00878cam a22003013a 4500
001 4469
003 PGUSA
005 20140828083056.0
008 030901s2003||||xxu|||||s|||||000 1 eng d
040 _aPGUSA
_beng
042 _adc
050 4 _aPR
100 1 _aMeredith, George,
_d1828-1909
245 1 0 _aDiana of the Crossways — Volume 5
_h[electronic resource] /
_cGeorge Meredith
260 _bProject Gutenberg,
_c2003
506 _aPublic domain in the USA.
516 _aElectronic text
653 _aSeparated people -- Fiction
653 _aPolitical fiction
653 _aGreat Britain -- Fiction
653 _aPoliticians -- Fiction
653 _aMarried women -- Fiction
653 _aScandals -- Fiction
653 _aPsychological fiction
830 0 _aProject Gutenberg
_v4469
856 4 0 _uhttp://www.gutenberg.org/ebooks/4469
942 _cEB
999 _c233798
_d233798